000 00238nam a2200097Ia 4500
001 645844
005 20250826153631.0
008 250824s9999 xx 000 0 und d
245 0 _aNAR AĞACI
_cNAZAN BEKİROĞLU
260 _bTİMAŞ YAYINLARI
999 _c645844
_d645844